000 00490pab a2200181 454500
008 180718b2013 xxu||||| |||| 00| 0 eng d
100 _aAggarwal, Aradhana et al
245 _aEducation and labour market outcomes: Evidence from India
260 _c2013
300 _ap.331-347.
362 _aJul-Sep
650 _aEducation - India
650 _aLabour market - India
650 _aLabour market
773 _aIndian Journal of Labour Economics
908 _aN
909 _a102923
999 _c102921
_d102921